TV Shows with 10 or More Seasons II Quiz Stats

Quiz Updated Jul 29, 2017

Challenge
Share
Tweet
Score 0/24 Timer 08:00
6 Plays Today
% Correct
The Big Bang Theory
97.7%
Family Guy
97.3%
SpongeBob SquarePants
94.9%
Grey's Anatomy
86.8%
The X-Files
78.4%
Frasier
77.1%
MythBusters
76.3%
Bones
75.6%
It's Always Sunny In Philadelphia
75.3%
American Dad!
70.6%
NCIS
69.1%
Law & Order
68.1%
% Correct
CSI: Miami
67.2%
The Jeffersons
62.4%
The Fairly OddParents
59.2%
Criminal Minds
59.2%
JAG
57.8%
NYPD Blue
55.4%
Murphy Brown
52.9%
7th Heaven
52.9%
Supernatural
50.1%
Gunsmoke
42.3%
Stargate SG-1
40.5%
Hawaii Five-0
37.1%

You're not logged in!

Compare scores with friends on all Sporcle quizzes.
Sign Up with Email
OR
Log In

You Might Also Like...

Show Comments

Extras

Top Quizzes Today


Score Distribution

Your Account Isn't Verified!

In order to create a playlist on Sporcle, you need to verify the email address you used during registration. Go to your Sporcle Settings to finish the process.